| 000 | 00981nam a2200241Ia 4500 | ||
|---|---|---|---|
| 001 | 15681 | ||
| 003 | GE_BSU | ||
| 008 | 181216s||||||||xx |||||||||||||| ||und|| | ||
| 040 | _cGE_BSU | ||
| 080 | _a821.353.1-32 | ||
| 100 | _aჩაჩიბაია, არჩილ | ||
| 245 | _aმზე, ღიმილი და სიყვარული | ||
| 245 | _bმოთხრობები | ||
| 245 | _cრედ.ც.ჩხეიძე. მხატვ.ა.რამიშვილი | ||
| 260 | _aთბილისი | ||
| 260 | _bლიტერატურა და ხელოვნება | ||
| 260 | _c1964 | ||
| 300 | _a307გვ. ; 17სმ | ||
| 653 | _aმზე, ღიმილი და სიყვარული | ||
| 653 | _aმზე, ღიმილი და სიყვარული. - მზიანი ჩრდილები. - სიცოცხლისათვის | ||
| 653 | _aმოთხრობები | ||
| 942 | _cBK | ||
| 999 |
_c48780 _d48780 |
||